000 00586nam a22001817a 4500
003 UA-OsUOA
001 13755
007 ta
008 20030621b un ||||| |||| 00| 0 ukr d
100 _aСамолюк В.
942 _cSA
040 _aUA-OsUOA
_cUA-OsUOA
_dUA-OsUOA
245 _aПро роботу Управління боротьби з організованою злочинністю в Рівненській області
300 _aС.1
955 _a0
773 0 _w0
_tОго
_dРівне
_d2003
_g№79/6 трав./
650 7 _aКраєзнавча робота
_2UDC
999 _c299916
_d299916